Cuenca 200 años soberana : crónicas, biografías, mitos y leyendas /

Detalles Bibliográficos
Autor principal: Riera Rodríguez, Gloria (Autor)
Formato: Electrónico eBook
Lenguaje:español
Publicado: Cuenca, Ecuador : Universidad del Azuay, Casa Editora, [2020]
Colección:Litterae (Cuenca, Ecuador)
Materias:
Acceso en línea:Digitalia Hispánica

MARC

LEADER 00000nam a2200000 i 4500
001 DIGUAZUAY0102
003 NyNyDIG
007 cr |||||||||||
008 260119s2020 ec a o 000 0 spa d
006 m o d
035 |a (OCoLC)1500729385 
040 |a DGITA  |b eng  |e rda  |e pn  |c DGITA 
020 |a 9789942822741  |q eBook 
020 |z 9789942822710 
043 |a s-ec--- 
050 1 4 |a F3791.C9 ebook 
100 1 |a Riera Rodríguez, Gloria,  |e author. 
245 1 0 |a Cuenca 200 años soberana :  |b crónicas, biografías, mitos y leyendas /  |c Gloria Riera Rodríguez. 
246 3 |a Cuenca doscientos años soberana 
264 1 |a Cuenca, Ecuador :  |b Universidad del Azuay, Casa Editora,  |c [2020] 
300 |a 1 online resource :  |b illustrations. 
336 |a text  |b txt  |2 rdacontent 
337 |a computer  |b c  |2 rdamedia 
338 |a online resource  |b cr  |2 rdacarrier 
347 |a text file  |2 rdaft 
347 |b PDF 
490 1 |a Litterae 
588 0 |a Online resource; title from PDF title page (Digitalia, viewed January 19, 2026) 
650 0 |a Legends  |z Ecuador  |z Cuenca. 
651 0 |a Cuenca (Ecuador)  |x History. 
791 2 |a Digitalia (Firm),  |e distributor. 
793 0 |g Digitalia eBook Collection:  |a Universidad del Azuay 
776 0 8 |i Print version:  |a Riera Rodríguez, Gloria.  |t Cuenca 200 años soberana.  |d Cuenca, Ecuador : Universidad del Azuay, Casa Editora, [2020]  |z 9789942822710 
830 0 |a Litterae (Cuenca, Ecuador) 
856 4 0 |3 Digitalia Hispánica  |u https://www.digitaliapublishing.com/a/133486/ 
910 |a Premium collection: 2026